=LDR 00000nam 2200000 4500 =001 INLIS000000000029244 =005 20201124100338 =035 ##$$a 0010-061300000029244 =008 201124################g##########0#ind## =041 ##$$a ind =082 ##$$a 320.959 8 =090 ##$$a 320.959 8, SHI p =245 1#$$a Pahlawan-pahlawan belia : $b Keluarga Indonesia dalam politik /$c Saya Sasaki Shiraishi =260 ##$$a Jakarta :$b KPG,$c 2001 =300 ##$$a x, 268 hlm. : $b ilus ; $c 14x21 cm. =650 #4$$a Politik Indonesia =850 ##$$a NBPNMAT =020 ##$$a 979-9023-50-1 =084 ##$$a 320.959 8 SHI p =100 1#$$a Shiraishi, Saya Sasaki =504 ##$$a Bibliografi : hlm. 269-280 =520 ##$$a Indeks : hlm. 281 - 285 =990 ##$$a 2033062